000 00214nam a2200097Ia 4500
005 20251222114353.0
008 251222s1900||||xx |||||||||||||| ||spa||
082 _aDVD0070/L85/2006
245 0 _aFirewall:
942 _cDVD
999 _c1320
_d1320